Agenda escolar europea del medi ambient i el desenvolupament = Agenda escolar europea del medio ambiente y el desarrollo = Agenda scolastica europea per l'ambiente e lo svilupo sostenible Agenda escolar europea del medio ambiente y el desarrollo = Agenda scolastica europea per l'ambiente e lo svilupo sostenible
Descripción Física:
8 volums : il·lustracions en color ; 21 cm
Idioma:
Multiple languages , Catalán , Español , Italian
MARC
| LEADER | 00000nam a2200000Ia 4500 | ||
|---|---|---|---|
| 001 | 21738 | ||
| 003 | Arxiu | ||
| 005 | 20260324181052.0 | ||
| 008 | 160829m20092011spcaxx s mul c | ||
| 017 | |a DL B 12782-2014 | ||
| 040 | |a AGDB | ||
| 041 | 1 | |a cat |a spa |a ita | |
| 080 | |a C-3-215 | ||
| 080 | |a C-3-331 | ||
| 080 | |a C-3-355 | ||
| 080 | |a Bib-55 | ||
| 080 | |a Bib-117 | ||
| 080 | |a C-3-5 | ||
| 080 | |a C-3-106 | ||
| 080 | |a NBM-14-52 | ||
| 245 | 0 | 0 | |a Agenda escolar europea del medi ambient i el desenvolupament = |b Agenda escolar europea del medio ambiente y el desarrollo = Agenda scolastica europea per l'ambiente e lo svilupo sostenible |
| 246 | 1 | 1 | |a Agenda escolar europea del medio ambiente y el desarrollo |
| 246 | 1 | 1 | |a Agenda scolastica europea per l'ambiente e lo svilupo sostenible |
| 246 | 1 | 1 | |a Euroopa keskkonna ja arengu agenda koolidele |
| 260 | |a Barcelona : |b Diputació de Barcelona. Àrea de Medi Ambient, |c 2009- | ||
| 300 | |a 8 volums : |b il·lustracions en color ; |c 21 cm | ||
| 500 | |a A partir de 2012 editat per la Gerència de Serveis de Medi Ambient de la Diputació de Barcelona | ||
| 500 | |a Fins a 2008 s'inclou el títol en estonià: Euroopa keskkonna ja arengu agenda koolidele | ||
| 500 | |a Direcció del projecte: Domènec Cucurull | ||
| 500 | |a Coordinació del projecte: Oficina Tècnica Sensibilització, Participació i Divulgació Ambiental, amb la col·laboració de l'Àrea d'Educació de la Diputació de Barcelona | ||
| 500 | |a Elaboració de continguts: Núria Gabernet | ||
| 500 | |a A partir de 2014, dibuix i disseny: Jordi Sales | ||
| 546 | |a Text en català, castellà, italià i estonià | ||
| 590 | |a Títol obtingut de la coberta | ||
| 650 | |a Medi ambient |x Calendaris |9 20779 | ||
| 650 | |a Desenvolupament sostenible |x Calendaris |9 20780 | ||
| 655 | 0 | |a Agendes |9 52728 | |
| 700 | 1 | |a Cucurull, Domènec |e director |9 49433 | |
| 700 | |a Gabernet i Díaz, Núria |e autora |9 43921 | ||
| 700 | |9 50286 |a Sales, Jordi |q (Sales i Roqueta) |e il·lustrador | ||
| 710 | |a Barcelona (Catalunya : Província). |b Àrea de Medi Ambient |e entitat editora |9 52987 | ||
| 710 | |a Barcelona (Catalunya : Província). |b Àrea d'Educació |9 8009 |e entitat productora | ||
| 710 | 1 | |a Barcelona (Catalunya : Província). |b Oficina Tècnica Sensibilització, Participació i Divulgació Ambiental |e entitat coordinadora |9 56003 | |
| 710 | 2 | |a Xarxa de Ciutats i Pobles cap a la Sostenibilitat |9 53477 | |
| 710 | 1 | |a Barcelona (Catalunya : Província). |b Gerència de Serveis de Medi Ambient |e entitat editora |9 53088 | |
| 866 | |a 2007-2008 | ||
| 866 | |a 2008-2009 | ||
| 866 | |a 2009-2010 | ||
| 866 | |a 2010-2011 | ||
| 866 | |a 2011-2012 | ||
| 866 | |a 2012-2013 | ||
| 866 | |a 2013-2014 | ||
| 866 | |a 2014-2015 | ||
| 901 | |a Arxiu | ||
| 942 | |n 1 |2 udc |c ARXIU | ||
| 952 | |0 0 |1 0 |4 0 |7 1 |9 51679 |a Arxiu |b Arxiu |d 2016-12-01 |h 2010-2011 |o C-3-331 |p 22893 |r 2016-12-01 00:00:00 |w 2016-12-01 |y ARXIU | ||
| 952 | |0 0 |1 0 |4 0 |7 1 |9 52320 |a Arxiu |b Arxiu |d 2016-12-01 |h 2011-2012 |o C-3-355 |p 23170 |r 2016-12-01 00:00:00 |w 2016-12-01 |y ARXIU | ||
| 952 | |0 0 |1 0 |4 0 |7 1 |9 52876 |a Arxiu |b Arxiu |d 2016-12-01 |h 2009-2010 |o C-3-215 |p 21738 |r 2016-12-01 00:00:00 |w 2016-12-01 |y ARXIU | ||
| 952 | |0 0 |1 0 |4 0 |7 1 |9 52977 |a Arxiu |b Arxiu |d 2016-12-01 |h 2007-2008 |o C-3-5 |p 19408 |r 2016-12-01 00:00:00 |w 2016-12-01 |y ARXIU | ||
| 952 | |0 0 |1 0 |4 0 |7 1 |9 53050 |a Arxiu |b Arxiu |d 2016-12-01 |h 2008-2009 |o C-3-106 |p 20727 |r 2016-12-01 00:00:00 |w 2016-12-01 |y ARXIU | ||
| 952 | |0 0 |1 0 |4 0 |7 1 |9 55273 |a Arxiu |b Arxiu |d 2016-12-01 |h 2012-2013 |o Bib-55 |p 23804 |r 2016-12-01 00:00:00 |w 2016-12-01 |y ARXIU | ||
| 952 | |0 0 |1 0 |4 0 |7 1 |9 55274 |a Arxiu |b Arxiu |d 2016-12-01 |h 2013-2014 |o Bib-117 |p 23963 |r 2016-12-01 00:00:00 |w 2016-12-01 |y ARXIU | ||
| 952 | |0 0 |1 0 |4 0 |7 1 |9 62755 |a Arxiu |b Arxiu |d 2022-07-12 |h 2014-2015 |o NBM-14-52 |p 26237 |r 2022-07-12 00:00:00 |w 2022-07-12 |y ARXIU | ||
| 999 | |c 56725 |d 56725 | ||